| 000 | 00736nam a2200253Ia 4500 | ||
|---|---|---|---|
| 003 | OSt | ||
| 005 | 20220927105640.0 | ||
| 006 | a|||||r|||| 00| 0 | ||
| 007 | ta | ||
| 008 | 220926b |||||||| |||| 00| 0 eng d | ||
| 020 | _a0631135448 | ||
| 024 | _a179951 | ||
| 037 | _cReference Collections | ||
| 040 |
_aRTL _cRTL _beng |
||
| 041 |
_2eng _aeng |
||
| 082 | _a"XoaW.2.N84, M4/SC" | ||
| 100 |
_aBARDHAN Pranab _9373910 |
||
| 245 | 0 | _aPolitical economy of development in India | |
| 260 |
_aOxford _bBasil Blackwell _c1984 |
||
| 300 |
_a"viii,118p." _ccm. |
||
| 500 | _aAppendix:85-110p. | ||
| 942 |
_h"XoaW.2.N84, M4/SC" _cCC |
||
| 999 |
_c693610 _d693610 |
||